|
|
|
|
| LEADER |
00000nab a2200000 ar4500 |
| 001 |
vtls008416898 |
| 003 |
SK-MaSNL |
| 005 |
20260303070025.0 |
| 008 |
051208c2005 xo wr|p|||||||000 b|slo |
| 015 |
|
|
|a SNBRBL2005/12
|2 snkbucl
|
| 038 |
|
|
|a SNKBUCL
|
| 040 |
|
|
|a SNKBUCL
|b slo
|c SNKBUCL
|e AACR2
|
| 041 |
0 |
|
|a slo
|
| 044 |
|
|
|a xo
|c SK
|
| 080 |
|
|
|a 352:061.25
|x (437.6)
|2 1997
|
| 080 |
|
|
|a 061.25
|2 1997
|
| 100 |
1 |
|
|a Sýkora, Michal,
|d 1953-
|4 aut
|9 105790
|
| 245 |
1 |
0 |
|a Aký význam má ZMOS pre svojich členov
|c Michal Sýkora
|
| 610 |
2 |
7 |
|a Združenie miest a obcí Slovenska
|2 snkbucl
|9 30200
|
| 773 |
0 |
|
|t Obecné noviny
|g Roč. XV, č. 49 (2005), s. 3
|
| 852 |
|
|
|a SNK
|b KIS3GCP
|
| 958 |
|
|
|a SK
|
| 999 |
|
|
|c 1753594
|d 1755524
|